| 000 | 00781nam a22002295i 4500 | ||
|---|---|---|---|
| 001 | 177528 | ||
| 003 | ES-MaACL | ||
| 005 | 20231111062535.0 | ||
| 008 | 110330s2009 sp |||| | spa d | ||
| 020 | _a978-84-8448-500-1 | ||
| 080 | _a821.134.2.09 | ||
| 100 | 1 |
_aEgido, Aurora. _946731 |
|
| 245 | 1 | 3 |
_aEl barroco de los modernos _b: despuntes y pespuntes / _cAurora Egido. |
| 260 |
_a[Valladolid] : _bCátedra Miguel Delibes, _cD. L. 2009. |
||
| 300 |
_a292 p. ; _c22 cm. |
||
| 490 | 1 |
_aEnsayos literarios ; _v5 |
|
| 650 | 4 |
_aLiteratura española- _xHistoria y crítica _914560 |
|
| 710 | 2 |
_aCátedra Miguel Delibes. _9158239 |
|
| 830 | 0 |
_aEnsayos literarios ; _v5 _9192235 |
|
| 852 |
_aES-MaACL _jE-14740 _z.- Firma autógrafa de la autora |
||
| 999 |
_c177528 _d177528 |
||